ბათუმის შოთა რუსთაველის სახელმწიფო უნივერსიტეტის ბიბლიოთეკა

Элементарная геометрия.ч.2 Стереометрия (ბიბ.ჩანაწერი № 47936)

000 -LEADER
fixed length control field 00615nam a2200217Ia 4500
001 - CONTROL NUMBER
control field 14813
003 - CONTROL NUMBER IDENTIFIER
control field GE_BSU
008 - FIXED-LENGTH DATA ELEMENTS--GENERAL INFORMATION
fixed length control field 181216s||||||||xx |||||||||||||| ||und||
040 ## - CATALOGING SOURCE
Transcribing agency GE_BSU
080 ## - UNIVERSAL DECIMAL CLASSIFICATION NUMBER
Universal Decimal Classification number 514.11(072)
100 ## - MAIN ENTRY--PERSONAL NAME
Personal name Адамар,Ж.
245 ## - TITLE STATEMENT
Title Элементарная геометрия.ч.2 Стереометрия
245 ## - TITLE STATEMENT
Statement of responsibility, etc. Под.ред.Д.И.Перепелкина
260 ## - PUBLICATION, DISTRIBUTION, ETC.
Place of publication, distribution, etc. Москва
260 ## - PUBLICATION, DISTRIBUTION, ETC.
Name of publisher, distributor, etc. Учпедгиз
260 ## - PUBLICATION, DISTRIBUTION, ETC.
Date of publication, distribution, etc. 1961
300 ## - PHYSICAL DESCRIPTION
Extent 760стр.22см.
653 ## - INDEX TERM--UNCONTROLLED
Uncontrolled term Стереометрия
653 ## - INDEX TERM--UNCONTROLLED
Uncontrolled term Элементарная геометрия
942 ## - ADDED ENTRY ELEMENTS (KOHA)
Koha item type წიგნი
ეგზემპლარები
Withdrawn status Lost status Damaged status Not for loan Date acquired Barcode Date last seen Price effective from Koha item type
        2018-12-17 15873 2018-12-17 2018-12-17 წიგნი